Music Quiz

Random Music or Classical Quiz

Named Symphonies Quiz Stats

 Plays Quiz Updated Feb 7, 2020

Support Sporcle.
Go Orange.
Score 0/30 Timer 07:00
4 Plays Today
Work Name/nickname % Correct
Dvořák 9From the New World
72.6%
Beethoven 3Eroica
68.9%
Schubert 8Unfinished
63.7%
Haydn 94Surprise
61.7%
Mozart 41Jupiter
56.9%
Tchaikovsky 6Pathétique
52%
Beethoven 9Choral
49.7%
Berlioz, op. 14Symphonie Fantastique
47.5%
Mendelssohn 4Italian
42%
Mahler 2Resurrection
37.3%
Mendelssohn 3Scottish
37%
Schubert 9Great C major
35.2%
Mahler 8Symphony of a Thousand
34.9%
Shostakovich 7Leningrad
30.9%
Prokofiev 1Classical
30.9%
Work Name/nickname % Correct
Mozart 38Prague
27.2%
Haydn 45Farewell
26%
Mozart 31Paris
23.9%
Schumann 1Spring
23.3%
StravinskySymphony of Psalms
19.5%
Haydn 103Drumroll
19.5%
Tchaikovsky 1Winter Daydreams
17.7%
Vaughan Williams 1A Sea Symphony
16.4%
Nielsen 4The Inextinguishable
14.5%
Shostakovich 13Babi-Yar
13.5%
MessiaenTurangalîla-Symphonie
13.5%
Gorecki 3Symphony of Sorrowful Songs
12.6%
Vaughan Williams 7Sinfonia Antartica
11.9%
HindemithMathis der Maler
9.8%
Glass 4Heroes
7.9%
Remove Ads.
Support Sporcle.
Get the best of Sporcle when you Go Orange. This ad-free experience offers more features, more stats, and more fun while also helping to support Sporcle. Thank you for becoming a member.

Show Comments

Extras

Top Quizzes Today


Score Distribution

Your Account Isn't Verified!

In order to create a playlist on Sporcle, you need to verify the email address you used during registration. Go to your Sporcle Settings to finish the process.

Report this User

Report this user for behavior that violates our Community Guidelines.

Details: